| 000 | 00000nam##2200000za#4500 |
| 001 | 9.643198 |
| 003 | CaOODSP |
| 005 | 20210624224046 |
| 007 | cr ||||||||||| |
| 008 | 150407|2001||||xxc|||||o f|0| 0 fre|d |
| 040 | |aCaOODSP|bfre |
| 043 | |an-cn--- |
| 086 | 1 |aEn14-176/2001F-PDF |
| 110 | 1 |aCanada. |bEnvironnement Canada. |
| 245 | 10|aDocument d'appui - Avis d'intention pour des véhicules, des moteurs et des carburants moins polluants |h[ressource électronique] |
| 260 | |aOttawa - Ontario : |bEnvironnement Canada |c[2001]. |
| 300 | |a76p.|btableaux |
| 590 | |a14-21-Supp|b2014-12-11 |
| 691 | 07|aÉmission atmosphérique|2gcpds |
| 691 | 07|aPrévention de la pollution|2gcpds |
| 775 | 08|tSupport document to the Notice of Intent on Cleaner Vehicles, Engines and Fuels |w(CaOODSP)9.699118 |
| 856 | 40|ahttp://publications.gc.ca|qPDF|s334 Ko|uhttps://publications.gc.ca/collections/collection_2014/ec/En14-176-2001-fra.pdf |